| 000 | 00686nam a2200217Ia 4500 | ||
|---|---|---|---|
| 003 | OSt | ||
| 005 | 20251208124523.0 | ||
| 008 | 220917b |||||||| |||| 00| 0 eng d | ||
| 037 | _cTB | ||
| 040 |
_aARTS _cARTS _beng |
||
| 041 |
_2eng _aeng |
||
| 084 |
_aR3xK46:g M1 _qAL |
||
| 100 |
_aRescher Nicholas _918578 |
||
| 245 | 0 |
_aLeibniz's metaphysics of nature _b a group of essays |
|
| 260 |
_aDordrecht,Netherlands: _bD Reidel Pub, _c1981. |
||
| 300 |
_axiv,126p. _ccm. |
||
| 490 | _aUniversity of Western Ontario series in philosophy of science; 18 | ||
| 500 | _aAppendix 117-122p | ||
| 942 |
_hR3xK46:g, M1 _cTB _2CC _n0 |
||
| 999 |
_c192922 _d192922 |
||